An examination of the place of reason in ethics
Saved in:
| Main Author: | |
|---|---|
| Format: | Book |
| Language: | English |
| Published: |
Londres
Cambridge University
1950
|
| Series: | Philosophy CAM, 116
|
| Subjects: | |
| Tags: |
Add Tag
No Tags, Be the first to tag this record!
|
MARC
| LEADER | 00000nam a2200000 a 4500 | ||
|---|---|---|---|
| 001 | UCZ4553 | ||
| 003 | CL-VaPUC | ||
| 008 | 951110e19500000UK |||||||||||||||||eng|d | ||
| 082 | 0 | 4 | |a 170 |b TOU |2 21 |
| 100 | 0 | |a Toulmin, Stephen |e author |9 348552 | |
| 245 | 1 | 3 | |a An examination of the place of reason in ethics |
| 300 | |a 228 p | ||
| 942 | |c BK | ||
| 945 | |d 19951110 00:00:00 |a cmena | ||
| 260 | |a Londres |b Cambridge University |c 1950 | ||
| 650 | 0 | |a Ética |9 255099 | |
| 650 | 0 | |a Conceptos morales |9 310606 | |
| 650 | 0 | |a Racionalismo |9 259116 | |
| 650 | 0 | |a Razón |9 314475 | |
| 650 | 0 | |a Teología |9 258766 | |
| 650 | 0 | |a Actitud |9 258129 | |
| 650 | 0 | |a Lógica |9 256849 | |
| 650 | 0 | |a Filosofía de las ciencias |9 256466 | |
| 650 | 0 | |a Creencia |9 334586 | |
| 650 | 0 | |a Sociedad |9 307903 | |
| 583 | |a last modification |c 19951110 00:00:00 |k Rodrigo Vera | ||
| 490 | 0 | |a Philosophy CAM, 116 | |
| 999 | |c 240924 |d 240922 | ||
| 952 | |0 0 |1 0 |4 0 |6 170_000000000000000_TOU_1950 |7 0 |8 P |9 253046 |a BIBEDU |b BIBEDU |c BIBEDU_PB |d 2019-11-19 |i 157146K |o 170 TOU 1950 |p 157146K |r 2024-01-25 |w 2019-11-19 |y BK |k FIL | ||
| 952 | |0 0 |1 0 |4 0 |6 170_000000000000000_TOU_1950 |7 0 |8 P |9 253047 |a BIBEDU |b BIBEDU |c BIBEDU_PB |d 2019-11-19 |i 1571028 |o 170 TOU 1950 |p 1571028 |r 2024-01-25 |w 2019-11-19 |y BK |k FIL | ||